[Event "Tournoi International du Pays de Charleroi 2018"]
[Site "Roux, Belgium"]
[Date "2018.07.30"]
[Round "3.21"]
[White "Van Malder, Dries"]
[Black "Geuquet, Michael"]
[Result "1-0"]
[WhiteElo "2126"]
[BlackElo "1912"]

1. d4 {[%clk 01:30:57]} {[%emt 00:00:02]} d5 {[%clk 01:30:42]} {[%emt
00:00:19]} 2. c4 {[%clk 01:31:12]} {[%emt 00:00:14]} c6 {[%clk 01:31:07]}
{[%emt 00:00:05]} 3. e3 {[%clk 01:31:13]} {[%emt 00:00:29]} Nf6 {[%clk
01:31:26]} {[%emt 00:00:12]} 4. Nc3 {[%clk 01:31:34]} {[%emt 00:00:08]} a6
{[%clk 01:31:39]} {[%emt 00:00:18]} 5. Nf3 {[%clk 01:31:47]} {[%emt 00:00:16]}
b5 {[%clk 01:31:53]} {[%emt 00:00:17]} 6. b3 {[%clk 01:32:05]} {[%emt
00:00:12]} Bg4 {[%clk 01:32:05]} {[%emt 00:00:17]} 7. Be2 {[%clk 01:32:04]}
{[%emt 00:00:31]} e6 {[%clk 01:32:13]} {[%emt 00:00:23]} 8. O-O {[%clk
01:32:23]} {[%emt 00:00:10]} Nbd7 {[%clk 01:31:40]} {[%emt 00:01:03]} 9. h3
{[%clk 01:32:42]} {[%emt 00:00:12]} Bh5 {[%clk 01:31:08]} {[%emt 00:01:02]} 10.
Bb2 {[%clk 01:30:37]} {[%emt 00:02:34]} Bd6 {[%clk 01:31:22]} {[%emt 00:00:16]}
11. Ne5 {[%clk 01:30:23]} {[%emt 00:00:44]} Bxe2 {[%clk 01:31:09]} {[%emt
00:00:44]} 12. Nxe2 {[%clk 01:30:44]} {[%emt 00:00:08]} Bxe5 {[%clk 01:20:57]}
{[%emt 00:10:43]} 13. dxe5 {[%clk 01:31:05]} {[%emt 00:00:08]} Ne4 {[%clk
01:21:21]} {[%emt 00:00:06]} 14. f3 {[%clk 01:05:55]} {[%emt 00:25:40]} Nec5
{[%clk 01:20:40]} {[%emt 00:01:12]} 15. Rc1 {[%clk 01:06:06]} {[%emt 00:00:19]}
Qa5 {[%clk 01:02:03]} {[%emt 00:19:06]} 16. a3 {[%clk 00:54:21]} {[%emt
00:12:15]} b4 {[%clk 01:00:47]} {[%emt 00:01:46]} 17. a4 {[%clk 00:45:15]}
{[%emt 00:09:36]} O-O {[%clk 01:00:10]} {[%emt 00:01:07]} 18. Nf4 {[%clk
00:36:58]} {[%emt 00:08:47]} Rac8 {[%clk 00:54:57]} {[%emt 00:05:42]} 19. Bd4
{[%clk 00:29:26]} {[%emt 00:08:02]} Rfd8 {[%clk 00:52:15]} {[%emt 00:03:13]} 20.
Qc2 {[%clk 00:27:48]} {[%emt 00:02:08]} f6 {[%clk 00:40:38]} {[%emt 00:12:07]}
21. cxd5 {[%clk 00:19:04]} {[%emt 00:09:14]} cxd5 {[%clk 00:36:34]} {[%emt
00:04:35]} 22. exf6 {[%clk 00:17:14]} {[%emt 00:02:19]} gxf6 {[%clk 00:36:14]}
{[%emt 00:00:50]} 23. Nd3 {[%clk 00:15:20]} {[%emt 00:02:25]} Nxd3 {[%clk
00:35:09]} {[%emt 00:01:35]} 24. Qxd3 {[%clk 00:15:38]} {[%emt 00:00:11]} e5
{[%clk 00:30:38]} {[%emt 00:05:01]} 25. Bb2 {[%clk 00:14:30]} {[%emt 00:01:38]}
Nc5 {[%clk 00:30:17]} {[%emt 00:00:50]} 26. Qf5 {[%clk 00:14:15]} {[%emt
00:00:45]} Qb6 {[%clk 00:28:52]} {[%emt 00:01:56]} 27. f4 {[%clk 00:10:03]}
{[%emt 00:04:42]} Ne6 {[%clk 00:11:08]} {[%emt 00:18:15]} 28. Rxc8 {[%clk
00:07:55]} {[%emt 00:02:37]} Rxc8 {[%clk 00:11:34]} {[%emt 00:00:04]} 29. fxe5
{[%clk 00:07:00]} {[%emt 00:01:25]} Rf8 {[%clk 00:04:55]} {[%emt 00:07:10]} 30.
exf6 {[%clk 00:04:12]} {[%emt 00:03:17]} Qxe3+ {[%clk 00:05:05]} {[%emt
00:00:21]} 31. Kh2 {[%clk 00:04:14]} {[%emt 00:00:28]} Rf7 {[%clk 00:04:03]}
{[%emt 00:01:32]} 32. Rf3 {[%clk 00:03:48]} {[%emt 00:00:55]} Qe4 {[%clk
00:03:16]} {[%emt 00:01:17]} 33. Rg3+ {[%clk 00:03:49]} {[%emt 00:00:29]} Kf8
{[%clk 00:02:57]} {[%emt 00:00:49]} 34. Qxe4 {[%clk 00:02:28]} {[%emt
00:01:52]} dxe4 {[%clk 00:03:22]} {[%emt 00:00:04]} 35. Re3 {[%clk 00:01:59]}
{[%emt 00:00:58]} Nc5 {[%clk 00:03:04]} {[%emt 00:00:49]} 36. Bd4 {[%clk
00:01:52]} {[%emt 00:00:37]} Rc7 {[%clk 00:03:01]} {[%emt 00:00:32]} 37. Bxc5+
{[%clk 00:02:08]} {[%emt 00:00:15]} Rxc5 {[%clk 00:03:28]} {[%emt 00:00:04]} 38.
Rxe4 {[%clk 00:02:25]} {[%emt 00:00:11]} a5 {[%clk 00:03:50]} {[%emt 00:00:09]}
39. Rf4 {[%clk 00:02:22]} {[%emt 00:00:32]} Rc3 {[%clk 00:04:04]} {[%emt
00:00:17]} 40. Rf3 {[%clk 00:02:45]} {[%emt 00:00:07]} Kf7 {[%clk 00:04:23]}
{[%emt 00:00:12]} 41. Kg1 {[%clk 00:00:51]} {[%emt 00:02:22]} h5 {[%clk
00:03:22]} {[%emt 00:01:32]} 42. h4 {[%clk 00:17:19]} {[%emt 00:14:02]} Rc1+
{[%clk 00:30:02]} {[%emt 00:03:50]} 43. Kh2 {[%clk 00:17:43]} {[%emt 00:00:06]}
Rc3 {[%clk 00:30:18]} {[%emt 00:00:14]} 44. Kh3 {[%clk 00:17:10]} {[%emt
00:01:03]} Rc1 {[%clk 00:29:20]} {[%emt 00:01:28]} 45. Rf5 {[%clk 00:14:39]}
{[%emt 00:03:01]} Rc3 {[%clk 00:29:42]} {[%emt 00:00:08]} 46. g3 {[%clk
00:14:37]} {[%emt 00:00:32]} Rxb3 {[%clk 00:30:02]} {[%emt 00:00:10]} 47. Rxh5
{[%clk 00:14:58]} {[%emt 00:00:09]} Kxf6 {[%clk 00:27:08]} {[%emt 00:03:24]} 48.
Rxa5 {[%clk 00:15:04]} {[%emt 00:00:25]} Rb1 {[%clk 00:26:37]} {[%emt
00:01:01]} 49. Rb5 {[%clk 00:14:14]} {[%emt 00:01:19]} b3 {[%clk 00:26:55]}
{[%emt 00:00:12]} 50. Kg4 {[%clk 00:14:16]} {[%emt 00:00:28]} b2 {[%clk
00:26:13]} {[%emt 00:01:12]} 51. a5 {[%clk 00:13:59]} {[%emt 00:00:46]} Kg6
{[%clk 00:24:31]} {[%emt 00:02:13]} 52. Rb6+ {[%clk 00:13:46]} {[%emt
00:00:43]} Kg7 {[%clk 00:24:54]} {[%emt 00:00:07]} 53. a6 {[%clk 00:13:46]}
{[%emt 00:00:29]} Kh7 {[%clk 00:24:27]} {[%emt 00:00:58]} 54. a7 {[%clk
00:13:40]} {[%emt 00:00:36]} Ra1 {[%clk 00:24:52]} {[%emt 00:00:05]} 55. Rxb2
{[%clk 00:13:55]} {[%emt 00:00:15]} Rxa7 {[%emt 00:00:06]} 56. h5 {[%clk
00:13:37]} {[%emt 00:00:46]} Ra4+ {[%clk 00:25:23]} {[%emt 00:00:26]} 57. Kg5
{[%clk 00:13:53]} {[%emt 00:00:13]} Ra5+ {[%clk 00:25:48]} {[%emt 00:00:06]} 58.
Kh4 {[%clk 00:14:16]} {[%emt 00:00:06]} Kg7 {[%clk 00:25:33]} {[%emt 00:00:46]}
59. g4 {[%clk 00:14:15]} {[%emt 00:00:31]} Rc5 {[%clk 00:25:44]} {[%emt
00:00:19]} 60. Rb4 {[%clk 00:14:27]} {[%emt 00:00:17]} Ra5 {[%clk 00:25:46]}
{[%emt 00:00:28]} 61. g5 {[%clk 00:14:36]} {[%emt 00:00:21]} Ra7 {[%clk
00:25:46]} {[%emt 00:00:29]} 62. h6+ {[%clk 00:14:42]} {[%emt 00:00:25]} Kg6
{[%clk 00:25:57]} {[%emt 00:00:19]} 63. Rb6+ {[%clk 00:14:53]} {[%emt
00:00:19]} Kh7 {[%clk 00:26:22]} {[%emt 00:00:06]} 64. Kh5 {[%clk 00:15:15]}
{[%emt 00:00:07]} Ra5 {[%clk 00:26:18]} {[%emt 00:00:34]} 65. Rb7 {[%clk
00:12:01]} {[%emt 00:03:44]} Kh8 {[%clk 00:25:00]} {[%emt 00:01:48]} 66. Rf7
{[%clk 00:09:35]} {[%emt 00:02:56]} Kg8 {[%clk 00:25:08]} {[%emt 00:00:22]} 67.
Rf6 {[%clk 00:09:39]} {[%emt 00:00:26]} Kh7 {[%clk 00:23:37]} {[%emt 00:02:01]}
68. Rf7 {[%clk 00:09:37]} {[%emt 00:00:32]} Kh8 {[%clk 00:23:15]} {[%emt
00:00:52]} 69. Kg6 {[%clk 00:09:51]} {[%emt 00:00:16]} Ra6+ {[%clk 00:23:27]}
{[%emt 00:00:18]} 70. Rf6 {[%clk 00:10:13]} {[%emt 00:00:08]} Ra8 {[%clk
00:23:52]} {[%emt 00:00:04]} 71. Rb6 {[%clk 00:09:12]} {[%emt 00:01:30]} Rc8
{[%clk 00:23:40]} {[%emt 00:00:43]} 72. Kf6 {[%clk 00:07:26]} {[%emt 00:02:15]}
Rf8+ {[%clk 00:21:44]} {[%emt 00:02:28]} 73. Ke7 {[%clk 00:07:06]} {[%emt
00:00:49]} Ra8 {[%clk 00:21:48]} {[%emt 00:00:26]} 74. g6 {[%clk 00:07:09]}
{[%emt 00:00:27]} Rc8 {[%clk 00:21:34]} {[%emt 00:00:44]} 75. Rd6 {[%clk
00:07:20]} {[%emt 00:00:19]} 1-0

[Event "Tournoi International du Pays de Charleroi 2018"]
[Site "Roux, Belgium"]
[Date "2018.07.30"]
[Round "3.3"]
[White "Inkiov, Ventzislav"]
[Black "Van Cappellen, Jonas"]
[Result "1/2-1/2"]
[WhiteTitle "GM"]
[WhiteElo "2432"]
[BlackElo "2202"]

1. d4 {[%clk 01:24:24]} {[%emt 00:06:35]} Nf6 {[%clk 01:30:47]} {[%emt
00:00:13]} 2. c4 {[%clk 01:24:47]} {[%emt 00:00:07]} e6 {[%clk 01:31:10]}
{[%emt 00:00:06]} 3. Nc3 {[%clk 01:25:11]} {[%emt 00:00:06]} Bb4 {[%clk
01:31:16]} {[%emt 00:00:24]} 4. e3 {[%clk 01:25:33]} {[%emt 00:00:08]} O-O
{[%clk 01:31:24]} {[%emt 00:00:22]} 5. Bd3 {[%clk 01:25:56]} {[%emt 00:00:07]}
c5 {[%clk 01:31:37]} {[%emt 00:00:17]} 6. a3 {[%clk 01:25:59]} {[%emt
00:00:28]} Bxc3+ {[%clk 01:30:48]} {[%emt 00:01:18]} 7. bxc3 {[%clk 01:26:23]}
{[%emt 00:00:06]} Nc6 {[%clk 01:27:31]} {[%emt 00:03:46]} 8. Ne2 {[%clk
01:26:21]} {[%emt 00:00:34]} b6 {[%clk 01:26:02]} {[%emt 00:01:59]} 9. O-O
{[%clk 01:26:21]} {[%emt 00:00:29]} Ba6 {[%clk 01:24:43]} {[%emt 00:01:49]} 10.
e4 {[%clk 01:24:28]} {[%emt 00:02:24]} Ne8 {[%clk 01:18:02]} {[%emt 00:07:10]}
11. Ng3 {[%clk 01:19:36]} {[%emt 00:05:22]} Na5 {[%clk 01:11:06]} {[%emt
00:07:26]} 12. f4 {[%clk 01:15:41]} {[%emt 00:04:26]} cxd4 {[%clk 01:00:09]}
{[%emt 00:11:27]} 13. cxd4 {[%clk 01:15:45]} {[%emt 00:00:26]} Bxc4 {[%clk
01:00:28]} {[%emt 00:00:10]} 14. f5 {[%clk 01:14:03]} {[%emt 00:02:13]} f6
{[%clk 00:53:04]} {[%emt 00:07:53]} 15. e5 {[%clk 00:59:23]} {[%emt 00:15:10]}
Bxd3 {[%clk 00:36:41]} {[%emt 00:16:54]} 16. Qxd3 {[%clk 00:59:46]} {[%emt
00:00:06]} Qc7 {[%clk 00:32:32]} {[%emt 00:04:39]} 17. Bf4 {[%clk 00:51:42]}
{[%emt 00:08:34]} Qc4 {[%clk 00:30:18]} {[%emt 00:02:44]} 18. Qe4 {[%clk
00:52:03]} {[%emt 00:00:09]} Qc6 {[%clk 00:25:13]} {[%emt 00:05:35]} 19. Qe2
{[%clk 00:45:23]} {[%emt 00:07:10]} Qd5 {[%clk 00:21:24]} {[%emt 00:04:19]} 20.
Rad1 {[%clk 00:45:44]} {[%emt 00:00:09]} Rc8 {[%clk 00:20:18]} {[%emt
00:01:35]} 21. fxe6 {[%clk 00:40:44]} {[%emt 00:05:31]} dxe6 {[%clk 00:20:18]}
{[%emt 00:00:30]} 22. exf6 {[%clk 00:40:55]} {[%emt 00:00:19]} Nxf6 {[%clk
00:19:38]} {[%emt 00:01:09]} 23. Be5 {[%clk 00:40:58]} {[%emt 00:00:28]} Nd7
{[%clk 00:16:40]} {[%emt 00:03:28]} 24. Rfe1 {[%clk 00:38:21]} {[%emt
00:03:07]} Nxe5 {[%clk 00:14:22]} {[%emt 00:02:48]} 25. dxe5 {[%clk 00:38:18]}
{[%emt 00:00:33]} Qc5+ {[%clk 00:12:58]} {[%emt 00:01:55]} 26. Kh1 {[%clk
00:38:42]} {[%emt 00:00:06]} Rcd8 {[%clk 00:10:17]} {[%emt 00:03:10]} 27. Rxd8
{[%clk 00:33:07]} {[%emt 00:06:05]} Rxd8 {[%clk 00:10:40]} {[%emt 00:00:07]} 28.
Qg4 {[%clk 00:33:30]} {[%emt 00:00:07]} Qc4 {[%clk 00:09:01]} {[%emt 00:02:09]}
29. Ne4 {[%clk 00:33:13]} {[%emt 00:00:47]} Rf8 {[%clk 00:08:52]} {[%emt
00:00:40]} 30. h3 {[%clk 00:30:07]} {[%emt 00:03:36]} Rf1 {[%clk 00:08:41]}
{[%emt 00:00:41]} 31. Rxf1 {[%clk 00:30:35]} {[%emt 00:00:03]} Qxf1 {[%clk
00:09:03]} {[%emt 00:00:07]} 32. Kh2 {[%clk 00:31:03]} {[%emt 00:00:01]} Qf5
{[%clk 00:08:31]} {[%emt 00:01:02]} 33. Qxf5 {[%clk 00:31:27]} {[%emt
00:00:07]} exf5 {[%clk 00:08:56]} {[%emt 00:00:05]} 34. Nd6 {[%clk 00:31:54]}
{[%emt 00:00:03]} f4 {[%clk 00:07:08]} {[%emt 00:02:17]} 35. g3 {[%clk
00:32:07]} {[%emt 00:00:18]} f3 {[%clk 00:06:38]} {[%emt 00:00:59]} 36. Kg1
{[%clk 00:31:13]} {[%emt 00:01:23]} Kf8 {[%clk 00:06:49]} {[%emt 00:00:19]} 37.
Kf2 {[%clk 00:31:32]} {[%emt 00:00:11]} Ke7 {[%clk 00:06:04]} {[%emt 00:01:16]}
38. Kxf3 {[%clk 00:31:47]} {[%emt 00:00:16]} Ke6 {[%clk 00:06:07]} {[%emt
00:00:26]} 39. Ke4 {[%clk 00:31:51]} {[%emt 00:00:25]} Nc6 {[%clk 00:06:14]}
{[%emt 00:00:23]} 40. Nf5 {[%clk 00:31:22]} {[%emt 00:01:00]} Nxe5 {[%clk
00:04:59]} {[%emt 00:01:45]} 41. Nxg7+ {[%clk 00:31:46]} {[%emt 00:00:06]} Kd6
{[%clk 00:04:21]} {[%emt 00:01:07]} 42. Ne8+ {[%clk 00:28:11]} {[%emt
00:04:06]} Ke6 {[%clk 00:03:40]} {[%emt 00:01:09]} 43. Nc7+ {[%clk 00:28:21]}
{[%emt 00:00:21]} Kd6 {[%clk 00:29:13]} {[%emt 00:04:57]} 44. Nb5+ {[%clk
00:58:34]} {[%emt 00:00:17]} Kc5 {[%clk 00:25:55]} {[%emt 00:03:48]} 45. Nxa7
{[%clk 00:49:50]} {[%emt 00:09:14]} Nc4 {[%clk 00:25:25]} {[%emt 00:00:59]} 46.
Kf5 {[%clk 00:49:02]} {[%emt 00:01:19]} Nxa3 {[%clk 00:23:49]} {[%emt
00:02:06]} 47. Kg5 {[%clk 00:49:22]} {[%emt 00:00:09]} Kd5 {[%clk 00:18:53]}
{[%emt 00:05:26]} 48. Kh6 {[%clk 00:49:31]} {[%emt 00:00:21]} b5 {[%clk
00:13:41]} {[%emt 00:05:43]} 49. Nxb5 {[%clk 00:49:54]} {[%emt 00:00:08]} Nxb5
{[%clk 00:14:07]} {[%emt 00:00:04]} 50. Kxh7 {[%clk 00:50:19]} {[%emt
00:00:04]} Nd4 {[%clk 00:13:23]} {[%emt 00:01:14]} 51. g4 {[%clk 00:50:38]}
{[%emt 00:00:11]} Nf3 {[%clk 00:10:24]} {[%emt 00:03:28]} 52. Kg7 {[%clk
00:48:57]} {[%emt 00:02:11]} Ke5 {[%clk 00:09:46]} {[%emt 00:01:09]} 53. g5
{[%clk 00:49:12]} {[%emt 00:00:16]} Kf5 {[%clk 00:09:55]} {[%emt 00:00:20]} 54.
g6 {[%clk 00:49:25]} {[%emt 00:00:17]} Nh4 {[%clk 00:10:15]} {[%emt 00:00:10]}
55. Kf7 {[%clk 00:49:41]} {[%emt 00:00:14]} Nxg6 {[%clk 00:10:38]} {[%emt
00:00:06]} 56. h4 {[%clk 00:50:07]} {[%emt 00:00:04]} Nxh4 {[%clk 00:11:02]}
{[%emt 00:00:06]} 57. Ke7 {[%clk 00:50:33]} {[%emt 00:00:04]} Ke5 {[%emt
00:00:09]} 1/2-1/2

[Event "Tournoi International du Pays de Charleroi 2018"]
[Site "Roux, Belgium"]
[Date "2018.07.30"]
[Round "3.32"]
[White "Kasparova, Tatiana"]
[Black "Colin, Peter"]
[Result "0-1"]
[WhiteTitle "WFM"]
[WhiteElo "2090"]
[BlackElo "1918"]

1. e4 {[%clk 01:30:57]} {[%emt 00:00:02]} c5 {[%clk 01:25:05]} {[%emt
00:05:56]} 2. Nf3 {[%clk 01:31:22]} {[%emt 00:00:05]} d6 {[%clk 01:25:21]}
{[%emt 00:00:13]} 3. d4 {[%clk 01:31:40]} {[%emt 00:00:13]} cxd4 {[%clk
01:25:34]} {[%emt 00:00:16]} 4. Nxd4 {[%clk 01:32:08]} {[%emt 00:00:03]} Nf6
{[%clk 01:25:17]} {[%emt 00:00:46]} 5. f3 {[%clk 01:32:23]} {[%emt 00:00:15]}
a6 {[%clk 01:22:21]} {[%emt 00:03:26]} 6. c4 {[%clk 01:31:41]} {[%emt
00:01:12]} e6 {[%clk 01:18:44]} {[%emt 00:04:07]} 7. Nc3 {[%clk 01:32:02]}
{[%emt 00:00:09]} Be7 {[%clk 01:18:59]} {[%emt 00:00:15]} 8. Be3 {[%clk
01:32:05]} {[%emt 00:00:27]} b6 {[%clk 01:18:47]} {[%emt 00:00:42]} 9. Be2
{[%clk 01:32:04]} {[%emt 00:00:32]} Bb7 {[%clk 01:19:02]} {[%emt 00:00:14]} 10.
O-O {[%clk 01:32:14]} {[%emt 00:00:20]} Nbd7 {[%clk 01:19:11]} {[%emt
00:00:21]} 11. a4 {[%clk 01:30:29]} {[%emt 00:02:16]} O-O {[%clk 01:19:22]}
{[%emt 00:00:18]} 12. a5 {[%clk 01:29:44]} {[%emt 00:01:16]} Qc7 {[%clk
01:14:26]} {[%emt 00:05:25]} 13. Qd2 {[%clk 01:20:47]} {[%emt 00:09:27]} Rfb8
{[%clk 01:11:16]} {[%emt 00:03:41]} 14. axb6 {[%clk 01:19:37]} {[%emt
00:01:39]} Nxb6 {[%clk 01:11:07]} {[%emt 00:00:39]} 15. Rfc1 {[%clk 01:19:04]}
{[%emt 00:01:04]} Nfd7 {[%clk 01:08:52]} {[%emt 00:02:44]} 16. b3 {[%clk
01:17:49]} {[%emt 00:01:45]} g6 {[%clk 01:07:06]} {[%emt 00:02:15]} 17. Bf1
{[%clk 01:16:20]} {[%emt 00:02:00]} e5 {[%clk 01:05:30]} {[%emt 00:02:06]} 18.
Nd5 {[%clk 01:14:22]} {[%emt 00:02:28]} Qd8 {[%clk 01:02:56]} {[%emt 00:03:05]}
19. Nxe7+ {[%clk 01:14:21]} {[%emt 00:00:31]} Qxe7 {[%clk 01:03:17]} {[%emt
00:00:08]} 20. Ne2 {[%clk 01:13:56]} {[%emt 00:00:54]} Nc5 {[%clk 01:01:35]}
{[%emt 00:02:12]} 21. Rab1 {[%clk 01:13:50]} {[%emt 00:00:37]} a5 {[%clk
01:00:51]} {[%emt 00:01:14]} 22. Nc3 {[%clk 01:14:06]} {[%emt 00:00:15]} a4
{[%clk 01:00:24]} {[%emt 00:00:56]} 23. bxa4 {[%clk 01:13:38]} {[%emt
00:00:57]} Nbxa4 {[%clk 00:59:36]} {[%emt 00:01:18]} 24. Nd5 {[%clk 01:09:41]}
{[%emt 00:04:28]} Bxd5 {[%clk 00:57:48]} {[%emt 00:02:18]} 25. Qxd5 {[%clk
01:06:17]} {[%emt 00:03:54]} Qd8 {[%clk 00:56:41]} {[%emt 00:01:37]} 26. Rxb8
{[%clk 01:02:18]} {[%emt 00:04:30]} Rxb8 {[%clk 00:52:37]} {[%emt 00:04:34]} 27.
f4 {[%clk 01:02:15]} {[%emt 00:00:32]} Qe7 {[%clk 00:42:23]} {[%emt 00:10:44]}
28. f5 {[%clk 00:52:53]} {[%emt 00:09:53]} Kg7 {[%clk 00:41:05]} {[%emt
00:01:47]} 29. fxg6 {[%clk 00:46:47]} {[%emt 00:06:36]} hxg6 {[%clk 00:40:58]}
{[%emt 00:00:36]} 30. Be2 {[%clk 00:43:41]} {[%emt 00:03:38]} Rb3 {[%clk
00:37:33]} {[%emt 00:03:54]} 31. Bd2 {[%clk 00:41:36]} {[%emt 00:02:35]} Rb2
{[%clk 00:35:32]} {[%emt 00:02:30]} 32. Rd1 {[%clk 00:34:44]} {[%emt 00:07:24]}
Nb3 {[%clk 00:31:23]} {[%emt 00:04:38]} 33. Bf3 {[%clk 00:30:21]} {[%emt
00:04:53]} Nd4 {[%clk 00:30:43]} {[%emt 00:01:10]} 34. Qa5 {[%clk 00:28:10]}
{[%emt 00:02:41]} Nc5 {[%clk 00:27:41]} {[%emt 00:03:32]} 35. Be3 {[%clk
00:25:46]} {[%emt 00:02:54]} Nxf3+ {[%clk 00:23:33]} {[%emt 00:04:39]} 36. gxf3
{[%clk 00:26:15]} {[%emt 00:00:02]} Qh4 {[%clk 00:23:45]} {[%emt 00:00:17]} 37.
Bd2 {[%clk 00:20:43]} {[%emt 00:06:02]} Nb3 {[%clk 00:23:49]} {[%emt 00:00:26]}
38. Qc3 {[%clk 00:19:01]} {[%emt 00:02:12]} Rxd2 {[%clk 00:23:33]} {[%emt
00:00:46]} 39. Rxd2 {[%clk 00:19:14]} {[%emt 00:00:18]} Qe1+ {[%clk 00:23:50]}
{[%emt 00:00:12]} 0-1

[Event "Tournoi International du Pays de Charleroi 2018"]
[Site "Roux, Belgium"]
[Date "2018.07.30"]
[Round "3.31"]
[White "Kolp, Theo"]
[Black "Werner, Ivan"]
[Result "0-1"]
[WhiteElo "1980"]
[BlackElo "2110"]

1. Nf3 {[%clk 01:30:57]} {[%emt 00:00:02]} Nf6 {[%clk 01:30:57]} {[%emt
00:00:04]} 2. d4 {[%clk 01:31:19]} {[%emt 00:00:07]} c5 {[%clk 01:31:17]}
{[%emt 00:00:11]} 3. e3 {[%clk 01:31:28]} {[%emt 00:00:21]} g6 {[%clk
01:31:28]} {[%emt 00:00:20]} 4. Bd3 {[%clk 01:31:08]} {[%emt 00:00:49]} Bg7
{[%clk 01:31:52]} {[%emt 00:00:05]} 5. Nbd2 {[%clk 01:31:08]} {[%emt 00:00:29]}
O-O {[%clk 01:32:08]} {[%emt 00:00:15]} 6. O-O {[%clk 01:30:30]} {[%emt
00:01:08]} d5 {[%clk 01:26:18]} {[%emt 00:06:21]} 7. c3 {[%clk 01:30:14]}
{[%emt 00:00:45]} Nc6 {[%clk 01:26:39]} {[%emt 00:00:10]} 8. Qe2 {[%clk
01:27:32]} {[%emt 00:03:10]} c4 {[%clk 01:16:23]} {[%emt 00:10:48]} 9. Bc2
{[%clk 01:26:27]} {[%emt 00:01:35]} Bf5 {[%clk 01:16:08]} {[%emt 00:00:44]} 10.
e4 {[%clk 01:24:34]} {[%emt 00:02:23]} dxe4 {[%clk 01:10:21]} {[%emt 00:06:17]}
11. Nxe4 {[%clk 01:24:29]} {[%emt 00:00:34]} Bxe4 {[%clk 01:10:12]} {[%emt
00:00:40]} 12. Bxe4 {[%clk 01:24:45]} {[%emt 00:00:14]} Nxe4 {[%clk 01:10:14]}
{[%emt 00:00:28]} 13. Qxe4 {[%clk 01:24:55]} {[%emt 00:00:19]} e6 {[%clk
01:08:40]} {[%emt 00:02:05]} 14. Re1 {[%clk 01:16:48]} {[%emt 00:08:37]} Qd5
{[%clk 01:05:25]} {[%emt 00:03:46]} 15. Bf4 {[%clk 01:13:22]} {[%emt 00:03:55]}
Rfe8 {[%clk 01:03:56]} {[%emt 00:01:59]} 16. Re2 {[%clk 01:08:10]} {[%emt
00:05:41]} Qxe4 {[%clk 00:49:34]} {[%emt 00:14:53]} 17. Rxe4 {[%clk 01:08:16]}
{[%emt 00:00:23]} Ne7 {[%clk 00:49:57]} {[%emt 00:00:09]} 18. Be5 {[%clk
00:50:22]} {[%emt 00:18:24]} f6 {[%clk 00:49:31]} {[%emt 00:00:56]} 19. Bg3
{[%clk 00:49:29]} {[%emt 00:01:21]} Nd5 {[%clk 00:47:51]} {[%emt 00:02:12]} 20.
Rae1 {[%clk 00:49:10]} {[%emt 00:00:48]} Kf7 {[%clk 00:48:10]} {[%emt
00:00:10]} 21. R4e2 {[%clk 00:46:00]} {[%emt 00:03:40]} Rac8 {[%clk 00:47:48]}
{[%emt 00:00:54]} 22. h3 {[%clk 00:45:54]} {[%emt 00:00:35]} Rc6 {[%clk
00:48:12]} {[%emt 00:00:06]} 23. Nd2 {[%clk 00:44:55]} {[%emt 00:01:27]} b5
{[%clk 00:47:54]} {[%emt 00:00:50]} 24. a3 {[%clk 00:44:29]} {[%emt 00:00:56]}
a5 {[%clk 00:47:39]} {[%emt 00:00:45]} 25. Ne4 {[%clk 00:41:40]} {[%emt
00:03:19]} Bf8 {[%clk 00:47:54]} {[%emt 00:00:15]} 26. Ra1 {[%clk 00:38:21]}
{[%emt 00:03:49]} Rd8 {[%clk 00:44:09]} {[%emt 00:04:15]} 27. Bh2 {[%clk
00:28:24]} {[%emt 00:10:26]} Rd7 {[%clk 00:43:09]} {[%emt 00:01:31]} 28. g4
{[%clk 00:28:10]} {[%emt 00:00:44]} h6 {[%clk 00:42:43]} {[%emt 00:00:56]} 29.
h4 {[%clk 00:25:29]} {[%emt 00:03:11]} Be7 {[%clk 00:32:19]} {[%emt 00:10:54]}
30. g5 {[%clk 00:18:27]} {[%emt 00:07:31]} hxg5 {[%clk 00:31:38]} {[%emt
00:01:12]} 31. hxg5 {[%clk 00:18:43]} {[%emt 00:00:14]} f5 {[%clk 00:29:38]}
{[%emt 00:02:30]} 32. Nd2 {[%clk 00:18:53]} {[%emt 00:00:20]} Bxg5 {[%clk
00:28:47]} {[%emt 00:01:21]} 33. Nf3 {[%clk 00:19:08]} {[%emt 00:00:14]} Bf6
{[%clk 00:28:58]} {[%emt 00:00:19]} 34. Be5 {[%clk 00:18:46]} {[%emt 00:00:53]}
Rc8 {[%clk 00:19:34]} {[%emt 00:09:54]} 35. Rae1 {[%clk 00:18:11]} {[%emt
00:01:05]} Re7 {[%clk 00:18:18]} {[%emt 00:01:46]} 36. Bd6 {[%clk 00:10:08]}
{[%emt 00:08:33]} Ree8 {[%clk 00:18:31]} {[%emt 00:00:17]} 37. Be5 {[%clk
00:10:04]} {[%emt 00:00:34]} g5 {[%clk 00:17:53]} {[%emt 00:01:08]} 38. Bxf6
{[%clk 00:09:43]} {[%emt 00:00:51]} Kxf6 {[%clk 00:18:11]} {[%emt 00:00:11]} 39.
Ne5 {[%clk 00:09:45]} {[%emt 00:00:28]} Nf4 {[%clk 00:16:04]} {[%emt 00:02:37]}
40. Re3 {[%clk 00:09:48]} {[%emt 00:00:26]} Rc7 {[%clk 00:14:52]} {[%emt
00:01:42]} 41. Nf3 {[%clk 00:02:23]} {[%emt 00:07:54]} Rh8 {[%clk 00:05:23]}
{[%emt 00:10:02]} 42. Kf1 {[%clk 00:29:44]} {[%emt 00:03:08]} g4 {[%clk
00:26:40]} {[%emt 00:09:14]} 43. Ng1 {[%clk 00:29:35]} {[%emt 00:00:39]} Rd7
{[%clk 00:23:54]} {[%emt 00:03:17]} 44. Re5 {[%clk 00:26:12]} {[%emt 00:03:52]}
Rb8 {[%clk 00:22:43]} {[%emt 00:01:41]} 45. Ra1 {[%clk 00:23:58]} {[%emt
00:02:43]} Nd3 {[%clk 00:21:43]} {[%emt 00:01:32]} 46. Re2 {[%clk 00:24:01]}
{[%emt 00:00:25]} Rh8 {[%clk 00:18:44]} {[%emt 00:03:30]} 47. Rb1 {[%clk
00:21:46]} {[%emt 00:02:44]} f4 {[%clk 00:11:13]} {[%emt 00:08:02]} 48. b3
{[%clk 00:17:21]} {[%emt 00:04:55]} f3 {[%clk 00:10:23]} {[%emt 00:01:19]} 49.
Re3 {[%clk 00:15:07]} {[%emt 00:02:44]} Rh2 {[%clk 00:09:10]} {[%emt 00:01:44]}
50. Rxd3 {[%clk 00:14:08]} {[%emt 00:01:29]} cxd3 {[%clk 00:09:35]} {[%emt
00:00:05]} 51. Rd1 {[%clk 00:14:33]} {[%emt 00:00:04]} b4 {[%clk 00:07:13]}
{[%emt 00:02:53]} 52. axb4 {[%clk 00:13:52]} {[%emt 00:01:10]} axb4 {[%clk
00:07:35]} {[%emt 00:00:09]} 53. Rxd3 {[%clk 00:13:37]} {[%emt 00:00:45]} Rh1
{[%clk 00:07:20]} {[%emt 00:00:45]} 54. c4 {[%clk 00:13:48]} {[%emt 00:00:18]}
Ra7 {[%clk 00:07:39]} {[%emt 00:00:12]} 55. Rd1 {[%clk 00:14:02]} {[%emt
00:00:15]} Ra2 {[%clk 00:08:03]} {[%emt 00:00:06]} 0-1